[Event "Junior Online 4NCL Division 4"]
[Site "online"]
[Date "2020.09.03"]
[Round "2.223"]
[White "Illingworth-Law, Oscar"]
[Black "Harle Smith, Joseph"]
[Result "0-1"]
[WhiteElo "1037"]
[BlackElo "1030"]
[PlyCount "44"]
[EventDate "2020.09.03"]
[WhiteTeam "May The Fork Be With You 7"]
[BlackTeam "St James Primary"]

1. e4 e5 2. Nf3 Nc6 3. Nc3 Nf6 4. d3 h6 5. Be2 Bc5 6. Nxe5 Nxe5 7. d4 Bxd4 8.
Qxd4 Nc6 9. Qd1 O-O 10. O-O Qe7 11. Bd3 Nb4 12. Bf4 Nxd3 13. cxd3 d6 14. Re1
Bg4 15. f3 Bh5 16. e5 dxe5 17. Rxe5 Qd6 18. Qd2 Rae8 19. Rxh5 Qb6+ 20. Be3 Rxe3
21. Nd5 Nxd5 22. Rxd5 Re2+ 0-1

[Event "Junior Online 4NCL Division 4"]
[Site "online"]
[Date "2020.09.03"]
[Round "2.224"]
[White "Morina, Ardit"]
[Black "Dalah, Jacob"]
[Result "0-1"]
[WhiteElo "1000"]
[BlackElo "1037"]
[PlyCount "112"]
[EventDate "2020.09.03"]
[WhiteTeam "St James Primary"]
[BlackTeam "May The Fork Be With You 7"]

1. e4 e5 2. Nf3 Nc6 3. Bc4 d6 4. h3 h6 5. O-O Nf6 6. Nc3 Be7 7. d3 O-O 8. Re1
Nd4 9. b3 Nxf3+ 10. Qxf3 Bd7 11. Qg3 Nh5 12. Qf3 Nf6 13. Nd5 Nxd5 14. Bxd5 c6
15. Bc4 b5 16. Bxb5 cxb5 17. Qg3 Bh4 18. Qe3 Bg5 19. Qe2 Bxc1 20. Raxc1 Qg5 21.
c4 bxc4 22. bxc4 Bxh3 23. g3 Be6 24. Rb1 Rab8 25. Rbc1 Rb7 26. Rc2 Rfb8 27. Rd2
Bg4 28. Qe3 Qxe3 29. Rxe3 Rb2 30. Rxb2 Rxb2 31. f3 Be6 32. a3 Ra2 33. f4 exf4
34. gxf4 Rxa3 35. f5 Bd7 36. Rf3 g6 37. fxg6 fxg6 38. Kg2 Bc6 39. Re3 Bd7 40.
Kg3 Be6 41. Kh4 Bxc4 42. Kg4 Rxd3 43. Rxd3 Bxd3 44. e5 dxe5 45. Kf3 a5 46. Ke3
Bf5 47. Kd2 h5 48. Ke2 h4 49. Kf2 a4 50. Kg2 a3 51. Kf3 a2 52. Ke3 a1=Q 53. Kf3
Qa4 54. Kg2 Qd1 55. Kf2 Be4 56. Ke3 Qe1# 0-1

[Event "Junior Online 4NCL Division 4"]
[Site "online"]
[Date "2020.09.03"]
[Round "2.225"]
[White "Toth, Nandor"]
[Black "Bengani, Arihant"]
[Result "1-0"]
[WhiteElo "1172"]
[BlackElo "1075"]
[PlyCount "93"]
[EventDate "2020.09.03"]
[WhiteTeam "St James Primary"]
[BlackTeam "May The Fork Be With You 7"]

1. e4 e5 2. Nf3 Nc6 3. Nc3 Nf6 4. Bb5 Bc5 5. Nxe5 Nxe5 6. d4 a6 7. dxc5 axb5 8.
Nxb5 c6 9. Nd6+ Kf8 10. f4 Nc4 11. Nxc4 Nxe4 12. Be3 Qe8 13. Qd3 Nxc5 14. Qd6+
Qe7 15. Qxe7+ Kxe7 16. Bxc5+ Kd8 17. O-O-O Rxa2 18. Bb6+ Ke7 19. Rde1+ Kf8 20.
Bc5+ Kg8 21. Ba3 Ra1+ 22. Kd2 Rxe1 23. Rxe1 h6 24. g4 Kh7 25. h4 b5 26. Ne5 f6
27. Nf7 Rf8 28. Bxf8 Kg8 29. Re8 Kxf7 30. Rxc8 g5 31. hxg5 fxg5 32. Bxh6 gxf4
33. Bxf4 Kf6 34. g5+ Kf5 35. Rf8+ Kg6 36. Rd8 Kf5 37. Ke3 Kg6 38. Rxd7 c5 39.
Rc7 c4 40. Rb7 b4 41. Rxb4 c3 42. Rb6+ Kf5 43. bxc3 Kg4 44. g6 Kh3 45. g7 Kg2
46. g8=Q+ Kh1 47. Rh6# 1-0

[Event "Junior Online 4NCL Division 4"]
[Site "online"]
[Date "2020.09.03"]
[Round "2.226"]
[White "Patel, Kamran"]
[Black "Crichton, Finlay"]
[Result "1/2-1/2"]
[WhiteElo "1037"]
[BlackElo "1105"]
[PlyCount "117"]
[EventDate "2020.09.03"]
[WhiteTeam "May The Fork Be With You 7"]
[BlackTeam "St James Primary"]

1. d3 d5 2. d4 Nc6 3. Nf3 Nf6 4. Nc3 Bg4 5. Bg5 Bxf3 6. Bxf6 Bxg2 7. Bxg2 exf6
8. Nxd5 Qd6 9. Nc3 Qxd4 10. Qxd4 Nxd4 11. O-O-O Nc6 12. Nb5 Bd6 13. Nxd6+ cxd6
14. Rxd6 Rc8 15. Bxc6+ bxc6 16. Rhd1 O-O 17. R1d3 f5 18. Rf3 g6 19. Ra3 Rfe8
20. Kd2 Rcd8 21. Rxd8 Rxd8+ 22. Ke1 Ra8 23. b4 h5 24. Ra6 Rb8 25. a3 Ra8 26.
Rxc6 h4 27. f4 Kg7 28. Rc3 f6 29. Rh3 g5 30. fxg5 fxg5 31. Rf3 f4 32. Rf1 Kf6
33. Rf3 Kf5 34. h3 g4 35. hxg4+ Kxg4 36. Rf1 Rh8 37. Kd2 h3 38. Rg1+ Kf5 39. e3
fxe3+ 40. Kxe3 h2 41. Rf1+ Kg4 42. Rf4+ Kg3 43. Rf3+ Kg2 44. Rf2+ Kg1 45. Rxh2
Rxh2 46. c4 Ra2 47. b5 Rxa3+ 48. Kd4 Ra5 49. Kc5 a6 50. Kb6 axb5 51. cxb5 Ra4
52. Kc5 Ra5 53. Kb4 Ra7 54. b6 Rb7 55. Ka5 Kf2 56. Ka6 Rb8 57. b7 Ke3 58. Ka7
Rxb7+ 59. Kxb7 1/2-1/2

[Event "Junior Online 4NCL Division 4"]
[Site "online"]
[Date "2020.09.03"]
[Round "2.227"]
[White "Harle Smith, Joseph"]
[Black "Illingworth-Law, Oscar"]
[Result "0-1"]
[WhiteElo "1030"]
[BlackElo "1037"]
[PlyCount "42"]
[EventDate "2020.09.03"]
[WhiteTeam "St James Primary"]
[BlackTeam "May The Fork Be With You 7"]

1. e4 e5 2. Nf3 Nc6 3. Bc4 Be7 4. Nc3 Nf6 5. d3 O-O 6. O-O d6 7. h3 Be6 8. Bxe6
fxe6 9. Bg5 d5 10. Bxf6 Bxf6 11. exd5 exd5 12. a3 d4 13. Ne4 Be7 14. c3 dxc3
15. Nxc3 Nd4 16. Nxe5 Bd6 17. Nf3 Nxf3+ 18. gxf3 Qg5+ 19. Kh1 Qe5 20. f4 Qxf4
21. Kg2 Qh2# 0-1

[Event "Junior Online 4NCL Division 4"]
[Site "online"]
[Date "2020.09.03"]
[Round "2.228"]
[White "Dalah, Jacob"]
[Black "Morina, Ardit"]
[Result "1-0"]
[WhiteElo "1037"]
[BlackElo "1000"]
[PlyCount "41"]
[EventDate "2020.09.03"]
[WhiteTeam "May The Fork Be With You 7"]
[BlackTeam "St James Primary"]

1. e4 e5 2. Nf3 Nc6 3. Bc4 Nf6 4. Ng5 Nxe4 5. Nxf7 Qf6 6. O-O Rg8 7. d3 Nd6 8.
Nxd6+ cxd6 9. Bxg8 Ne7 10. Bxh7 Qh6 11. Bxh6 gxh6 12. Qh5+ Kd8 13. Qf7 Kc7 14.
Qxf8 Nc6 15. Be4 Kb8 16. Bxc6 dxc6 17. Re1 Kc7 18. Qxh6 Kd7 19. Qg7+ Kd8 20. f4
exf4 21. Qe7# 1-0

[Event "Junior Online 4NCL Division 4"]
[Site "online"]
[Date "2020.09.03"]
[Round "2.231"]
[White "Patel, Amya Hetal"]
[Black "Richards, Hal"]
[Result "1-0"]
[WhiteElo "1247"]
[BlackElo "900"]
[PlyCount "67"]
[EventDate "2020.09.03"]
[WhiteTeam "May The Fork Be With You 5"]
[BlackTeam "Coldfall Knights"]

1. e4 e5 2. Nf3 Nc6 3. Nc3 Bc5 4. Nxe5 Nxe5 5. d4 Nc6 6. dxc5 Nf6 7. Bc4 d6 8.
O-O O-O 9. cxd6 cxd6 10. Bg5 Bg4 11. Qd3 h6 12. Bxf6 gxf6 13. Qg3 Qc8 14. h3
Kh8 15. hxg4 Rg8 16. Bxf7 Rxg4 17. Qxg4 Qxg4 18. Rfe1 Ne7 19. Re3 Rf8 20. Rg3
Qd7 21. Bc4 Nf5 22. exf5 Qxf5 23. Bd3 Qb5 24. Bxb5 Re8 25. Rd1 Rd8 26. Re1 d5
27. Bd3 d4 28. Nd5 f5 29. Bxf5 b6 30. Nb4 d3 31. Bxd3 b5 32. Nc6 Rf8 33. Re7 a6
34. Rh7# 1-0

[Event "Junior Online 4NCL Division 4"]
[Site "online"]
[Date "2020.09.03"]
[Round "2.232"]
[White "Samuel-Rome, Benjamin"]
[Black "Datta, Ishan"]
[Result "0-1"]
[WhiteElo "900"]
[BlackElo "1165"]
[PlyCount "68"]
[EventDate "2020.09.03"]
[WhiteTeam "Coldfall Knights"]
[BlackTeam "May The Fork Be With You 5"]

1. e4 c6 2. Bc4 d5 3. Bb3 dxe4 4. Qh5 g6 5. Qe5 Nf6 6. Nh3 Bf5 7. Ng5 e6 8.
Nxf7 Kxf7 9. d3 Nbd7 10. Qd4 Bc5 11. Qa4 Rf8 12. Bg5 Kg8 13. Bh6 Rf7 14. Bg5 b5
15. Qa6 Qc7 16. Bxf6 Nxf6 17. Bxe6 Bxe6 18. Nd2 Bb4 19. O-O-O exd3 20. cxd3 Rd8
21. Rde1 Bd5 22. Re2 Bxg2 23. Rhe1 Kg7 24. Nb3 Bf3 25. Nd4 Rxd4 26. Re6 Bxe1
27. Rxc6 Qf4+ 28. Kb1 Rxd3 29. Qxa7 Rxa7 30. Rc8 Rd1+ 31. Kc2 Qd2+ 32. Kb3 Qd3+
33. Rc3 Bxc3 34. h4 Bd2# 0-1

[Event "Junior Online 4NCL Division 4"]
[Site "online"]
[Date "2020.09.03"]
[Round "2.233"]
[White "Durling, Charlie"]
[Black "Ward-Murphy, Nicolas"]
[Result "1-0"]
[WhiteElo "1127"]
[BlackElo "900"]
[PlyCount "55"]
[EventDate "2020.09.03"]
[WhiteTeam "May The Fork Be With You 5"]
[BlackTeam "Coldfall Knights"]

1. d4 e5 2. dxe5 Bb4+ 3. Bd2 Bxd2+ 4. Qxd2 Nh6 5. e4 O-O 6. Nf3 Nc6 7. Bc4 d5
8. exd5 Nxe5 9. Nxe5 Bf5 10. O-O b5 11. Nc6 Qd6 12. Bxb5 Qc5 13. Nc3 Ng4 14. h3
Nf6 15. Rfe1 Bd7 16. Ne7+ Kh8 17. Bxd7 Rae8 18. Bxe8 Nxe8 19. Re5 Qd6 20. Re4
Nf6 21. Re2 Qb4 22. b3 Re8 23. Rae1 a5 24. Ng6+ hxg6 25. Rxe8+ Nxe8 26. Rxe8+
Kh7 27. Qg5 Qh4 28. Qxh4# 1-0

[Event "Junior Online 4NCL Division 4"]
[Site "online"]
[Date "2020.09.03"]
[Round "2.234"]
[White "Corrall, Ruby"]
[Black "Sharma, Krish"]
[Result "0-1"]
[WhiteElo "900"]
[BlackElo "1150"]
[PlyCount "84"]
[EventDate "2020.09.03"]
[WhiteTeam "Coldfall Knights"]
[BlackTeam "May The Fork Be With You 5"]

1. d4 c6 2. Bf4 d5 3. e3 Nf6 4. c3 Bf5 5. Nf3 e6 6. Nbd2 Be7 7. Ne5 Nbd7 8.
Ndf3 Bd6 9. Bd3 Bxd3 10. Qxd3 Qe7 11. O-O-O O-O-O 12. c4 dxc4 13. Qxc4 Nb6 14.
Qd3 Nfd5 15. e4 Nc7 16. Qc3 f6 17. Nc4 Bxf4+ 18. Nfd2 f5 19. Qa5 Nxc4 20. Qxa7
Nd6 21. e5 Ndb5 22. Qa5 Rxd4 23. Kc2 Qc5+ 24. Kb1 Bxd2 25. Rxd2 Rxd2 26. Qxd2
Rd8 27. Qa5 b6 28. Qa4 Rd4 29. Qb3 Rb4 30. Qa3 Nxa3+ 31. Ka1 Nc2+ 32. Kb1 Nd4
33. Rc1 Qd5 34. a3 Qe4+ 35. Ka1 Nb3+ 36. Ka2 Nxc1+ 37. Ka1 Rb5 38. b4 Qc4 39.
Kb2 Qa2+ 40. Kxc1 Rxe5 41. Kd1 Re2 42. f3 Qd2# 0-1

[Event "Junior Online 4NCL Division 4"]
[Site "online"]
[Date "2020.09.03"]
[Round "2.235"]
[White "Richards, Hal"]
[Black "Patel, Amya Hetal"]
[Result "0-1"]
[WhiteElo "900"]
[BlackElo "1247"]
[PlyCount "78"]
[EventDate "2020.09.03"]
[WhiteTeam "Coldfall Knights"]
[BlackTeam "May The Fork Be With You 5"]

1. e4 e6 2. Nc3 d5 3. d3 d4 4. Nce2 e5 5. Nf3 Nc6 6. Nfxd4 exd4 7. e5 Nxe5 8.
Nxd4 Qxd4 9. Be2 Bc5 10. O-O Qd6 11. d4 Bxd4 12. Bb5+ c6 13. Be2 Nf6 14. Bd2
O-O 15. h3 Bxb2 16. Rb1 Bd4 17. g4 Re8 18. h4 Nfxg4 19. h5 Re6 20. Kg2 Qd5+ 21.
Kg3 Nh6 22. Rh1 Rf6 23. Qg1 Bxf2+ 24. Qxf2 Rxf2 25. Kxf2 Neg4+ 26. Bxg4 Nxg4+
27. Ke1 Qxh1+ 28. Ke2 Qxb1 29. h6 Qb5+ 30. Kf3 Qf5+ 31. Kg3 gxh6 32. Ba5 Be6
33. Bc7 Bd5 34. c3 Qf3+ 35. Kh4 Be6 36. Kh5 Ne5+ 37. Kxh6 Qf6+ 38. Kh5 Qg6+ 39.
Kh4 Qg4# 0-1

[Event "Junior Online 4NCL Division 4"]
[Site "online"]
[Date "2020.09.03"]
[Round "2.236"]
[White "Datta, Ishan"]
[Black "Samuel-Rome, Benjamin"]
[Result "0-1"]
[WhiteElo "1165"]
[BlackElo "900"]
[PlyCount "142"]
[EventDate "2020.09.03"]
[WhiteTeam "May The Fork Be With You 5"]
[BlackTeam "Coldfall Knights"]

1. d4 d5 2. c4 c6 3. Nc3 Nf6 4. Bg5 e6 5. e3 Qa5 6. Bxf6 gxf6 7. Nf3 Bb4 8. Qc2
e5 9. a3 Bxc3+ 10. bxc3 exd4 11. Nxd4 dxc4 12. Nf5 Bxf5 13. Qxf5 Qxf5 14. Bxc4
Nd7 15. O-O O-O-O 16. Rab1 Rdg8 17. Bxf7 Rg5 18. f4 Rg4 19. h3 Rg7 20. Bc4 Rhg8
21. Bxg8 Rxg8 22. Rbd1 Qg6 23. Rf2 Nc5 24. Rfd2 Ne4 25. Re2 Nxc3 26. Rdd2 Nxe2+
27. Rxe2 Qd3 28. Re1 Qc2 29. g4 Rd8 30. e4 Rd1 31. Rxd1 Qxd1+ 32. Kf2 Qa1 33.
e5 Qxa3 34. exf6 c5 35. f7 c4 36. f8=R+ Qxf8 37. f5 c3 38. Ke2 Qc5 39. Kd1 c2+
40. Kc1 b5 41. f6 b4 42. f7 b3 43. g5 Qc7 44. f8=Q+ Kd7 45. Qb4 Qg3 46. h4 Qg1+
47. Kb2 c1=Q+ 48. Kxb3 Qb1+ 49. Ka4 Qxb4+ 50. Kxb4 Qh1 51. g6 hxg6 52. h5 Qxh5
53. Kc4 g5 54. Kd3 g4 55. Ke2 g3+ 56. Kf1 Qf5+ 57. Kg2 Qf2+ 58. Kh3 Qh2+ 59.
Kg4 a5 60. Kf3 a4 61. Ke3 a3 62. Kd3 a2 63. Kc3 a1=Q+ 64. Kd3 Qc1 65. Kd4 Qhd2+
66. Ke4 Qce1+ 67. Kf5 Qdf2+ 68. Kg4 Qee2+ 69. Kg5 g2 70. Kg6 g1=Q+ 71. Kh7
Qfh2# 0-1

[Event "Junior Online 4NCL Division 4"]
[Site "online"]
[Date "2020.09.03"]
[Round "2.237"]
[White "Ward-Murphy, Nicolas"]
[Black "Durling, Charlie"]
[Result "0-1"]
[WhiteElo "900"]
[BlackElo "1127"]
[PlyCount "58"]
[EventDate "2020.09.03"]
[WhiteTeam "Coldfall Knights"]
[BlackTeam "May The Fork Be With You 5"]

1. e4 e6 2. d4 d5 3. exd5 exd5 4. Nc3 Nc6 5. Bf4 Nf6 6. Nb5 Bd6 7. Nxc7+ Bxc7
8. Bb5 Bxf4 9. Nh3 Bxh3 10. O-O Bg4 11. Qd3 O-O 12. c3 Qb6 13. Ba4 Qxb2 14.
Rae1 Bd2 15. Re2 Bxe2 16. Qxe2 Qxa2 17. Bd1 Ne4 18. f3 Nxc3 19. Qd3 Rfe8 20. h3
Be3+ 21. Kh2 Bf4+ 22. Kg1 Re3 23. Qf5 g5 24. Qd7 Nxd4 25. Qc7 Bxc7 26. h4 Nxd1
27. Rxd1 Nxf3+ 28. Kh1 Qe2 29. gxf3 Qh2# 0-1

[Event "Junior Online 4NCL Division 4"]
[Site "online"]
[Date "2020.09.03"]
[Round "2.238"]
[White "Sharma, Krish"]
[Black "Corrall, Ruby"]
[Result "1-0"]
[WhiteElo "1150"]
[BlackElo "900"]
[PlyCount "61"]
[EventDate "2020.09.03"]
[WhiteTeam "May The Fork Be With You 5"]
[BlackTeam "Coldfall Knights"]

1. d4 d5 2. Bf4 Bf5 3. e3 Nc6 4. Nf3 Nb4 5. Na3 Nf6 6. c3 Nc6 7. Be2 e6 8. Ne5
Rb8 9. h4 Bd6 10. g4 Be4 11. f3 Bg6 12. h5 Qe7 13. hxg6 fxg6 14. Bd3 Bxa3 15.
bxa3 Qxa3 16. O-O h5 17. Nxg6 Rh6 18. g5 Rxg6 19. Bxg6+ Kf8 20. gxf6 gxf6 21.
Bd3 Qb2 22. Rb1 Qxa2 23. Bxc7 Rc8 24. Bd6+ Ne7 25. Rf2 Qa6 26. Bxa6 bxa6 27.
Qa4 Rxc3 28. Qd7 Kg8 29. Qxe7 Rxe3 30. Rg2+ Kh8 31. Qg7# 1-0

[Event "Junior Online 4NCL Division 4"]
[Site "online"]
[Date "2020.09.03"]
[Round "2.241"]
[White "Leustean, Maia"]
[Black "Payne, Luca"]
[Result "0-1"]
[WhiteElo "1105"]
[BlackElo "1007"]
[PlyCount "60"]
[EventDate "2020.09.03"]
[WhiteTeam "Tetherdown Bishops"]
[BlackTeam "The Hall 3"]

1. e4 e5 2. Nf3 Nc6 3. Bc4 Bc5 4. Nc3 d6 5. h3 Nf6 6. d3 h6 7. Nd5 Nd4 8. Nxd4
Bxd4 9. c3 Bc5 10. d4 exd4 11. cxd4 Bb6 12. Nxb6 cxb6 13. O-O Be6 14. Bxe6 fxe6
15. d5 exd5 16. exd5 O-O 17. Qf3 b5 18. a4 bxa4 19. Rxa4 Qb6 20. Be3 Qb5 21.
Ra3 Nxd5 22. Bc1 Rxf3 23. gxf3 Rf8 24. Rxa7 Nf4 25. Bxf4 Rxf4 26. Ra8+ Kh7 27.
Rd8 Rxf3 28. Rxd6 Qg5+ 29. Kh2 Qh4 30. Rg1 Qxh3# 0-1

[Event "Junior Online 4NCL Division 4"]
[Site "online"]
[Date "2020.09.03"]
[Round "2.242"]
[White "O'Connor, Caolon"]
[Black "Weisfeld, Raphael"]
[Result "1-0"]
[WhiteElo "1075"]
[BlackElo "1082"]
[PlyCount "63"]
[EventDate "2020.09.03"]
[WhiteTeam "The Hall 3"]
[BlackTeam "Tetherdown Bishops"]

1. e4 e5 2. Bc4 Nf6 3. Nc3 Nxe4 4. Qf3 Nf6 5. Nd5 Be7 6. d3 O-O 7. Nxf6+ Bxf6
8. Qg3 g6 9. Bh6 Re8 10. Nf3 Nc6 11. O-O d5 12. Bb5 Bd7 13. Bxc6 Bxc6 14. Ng5
Bxg5 15. Bxg5 Qd6 16. d4 Bb5 17. dxe5 Rxe5 18. Bf4 Bxf1 19. Rxf1 Rae8 20. Bxe5
Rxe5 21. f4 Re2 22. f5 Rf2 23. Qxd6 Rxc2 24. Qd8+ Kg7 25. fxg6 Kxg6 26. Qg8+
Kh6 27. Qxf7 Rxb2 28. Qf6+ Kh5 29. Qxb2 h6 30. Rf5+ Kg4 31. Rxd5 h5 32. Qd4#
1-0

[Event "Junior Online 4NCL Division 4"]
[Site "online"]
[Date "2020.09.03"]
[Round "2.243"]
[White "Bedretdinov, Rasul"]
[Black "Bahl, Arkin"]
[Result "1-0"]
[WhiteElo "917"]
[BlackElo "1022"]
[PlyCount "45"]
[EventDate "2020.09.03"]
[WhiteTeam "Tetherdown Bishops"]
[BlackTeam "The Hall 3"]

1. e4 e5 2. Nf3 Nc6 3. Bc4 Bc5 4. Nc3 Nf6 5. d3 d6 6. Bg5 Bg4 7. h3 Bh5 8. Nd5
Nd4 9. g4 Bg6 10. Nxd4 Bxd4 11. Qf3 Bxf2+ 12. Qxf2 Nxe4 13. dxe4 Qxg5 14. Nxc7+
Kd8 15. Nxa8 Bxe4 16. Qxf7 Bxh1 17. Qc7+ Ke8 18. Bf7+ Kf8 19. Bh5 Qe3+ 20. Kf1
Qxh3+ 21. Ke1 Qe3+ 22. Kf1 Bf3 23. Qf7# 1-0

[Event "Junior Online 4NCL Division 4"]
[Site "online"]
[Date "2020.09.03"]
[Round "2.244"]
[White "Litvin, Theo"]
[Black "Thorburn, Rory"]
[Result "1-0"]
[WhiteElo "760"]
[BlackElo "962"]
[PlyCount "125"]
[EventDate "2020.09.03"]
[WhiteTeam "The Hall 3"]
[BlackTeam "Tetherdown Bishops"]

1. e4 e5 2. Nf3 Nc6 3. Bc4 Nf6 4. Ng5 d5 5. exd5 Na5 6. Bb3 Nxb3 7. axb3 Nxd5
8. d3 Be7 9. h4 Bxg5 10. Bxg5 Nf6 11. Ra5 Qd6 12. Qe2 Qb4+ 13. Bd2 Qd4 14.
Rxe5+ Be6 15. Bc3 Qb6 16. Rh3 O-O-O 17. Rhe3 Rde8 18. Ba5 Qa6 19. Qd2 Ng4 20.
Qc3 Qd6 21. Re2 Nxe5 22. Rxe5 b6 23. Bb4 Qd7 24. Nd2 f6 25. Re2 Bg4 26. Rxe8+
Qxe8+ 27. Ne4 f5 28. Bd6 Qd8 29. Bxc7 Qxc7 30. f3 Qxc3+ 31. Nxc3 Bh5 32. Kf2
Bf7 33. Kg3 Re8 34. Kf4 Re1 35. Kxf5 Rg1 36. g4 Rc1 37. Ne4 g6+ 38. Kf6 Bd5 39.
Kg7 Bxe4 40. dxe4 Rh1 41. Kxh7 Rxh4+ 42. Kxg6 Rh2 43. f4 Rxc2 44. f5 Rc6+ 45.
Kg7 Rc7+ 46. Kg6 Rc6+ 47. f6 Kd8 48. Kg7 Rc7+ 49. f7 Ke7 50. f8=Q+ Ke6+ 51. Kg6
Ke5 52. Qf6+ Kxe4 53. Qf5+ Kd4 54. Qf4+ Kd3 55. Qxc7 a5 56. Qc4+ Ke3 57. g5 Kf3
58. Kh7 Kg3 59. g6 Kf3 60. g7 Kg3 61. g8=Q+ Kf2 62. Qd3 Ke1 63. Qgg3# 1-0

[Event "Junior Online 4NCL Division 4"]
[Site "online"]
[Date "2020.09.03"]
[Round "2.245"]
[White "Payne, Luca"]
[Black "Leustean, Maia"]
[Result "1-0"]
[WhiteElo "1007"]
[BlackElo "1105"]
[PlyCount "71"]
[EventDate "2020.09.03"]
[WhiteTeam "The Hall 3"]
[BlackTeam "Tetherdown Bishops"]

1. e4 e5 2. Nf3 Nc6 3. Bc4 Bc5 4. d3 h6 5. Nc3 Nf6 6. Be3 Bxe3 7. fxe3 d6 8.
O-O Bg4 9. h3 Bh5 10. Nd5 Nxd5 11. Bxd5 Nb4 12. Bxb7 Rb8 13. Bd5 Nxd5 14. exd5
Qf6 15. Rb1 Bxf3 16. Qxf3 Qxf3 17. Rxf3 O-O 18. d4 exd4 19. exd4 Rb4 20. Rc3
Rxd4 21. Rxc7 Rxd5 22. Rxa7 Rd2 23. c4 d5 24. cxd5 Rxd5 25. b4 Rb8 26. a4 Rd4
27. b5 Rdd8 28. a5 Ra8 29. b6 Rxa7 30. bxa7 Ra8 31. Rb8+ Rxb8 32. axb8=Q+ Kh7
33. a6 Kg6 34. a7 Kh7 35. a8=Q g6 36. Qh8# 1-0

[Event "Junior Online 4NCL Division 4"]
[Site "online"]
[Date "2020.09.03"]
[Round "2.246"]
[White "Weisfeld, Raphael"]
[Black "O'Connor, Caolon"]
[Result "0-1"]
[WhiteElo "1082"]
[BlackElo "1075"]
[PlyCount "54"]
[EventDate "2020.09.03"]
[WhiteTeam "Tetherdown Bishops"]
[BlackTeam "The Hall 3"]

1. e4 e5 2. f4 exf4 3. Nf3 Nf6 4. Nc3 Nc6 5. d4 d6 6. Bc4 Bg4 7. Bxf7+ Kxf7 8.
Ng5+ Ke8 9. Ne6 Qe7 10. Qd3 Nb4 11. Qb5+ Nc6 12. Nxf4 Nxe4 13. Nxe4 Qxe4+ 14.
Ne2 a6 15. Qc4 b5 16. Qxc6+ Qxc6 17. Nf4 Qe4+ 18. Kf1 g5 19. Nd5 Qxd5 20. h3
Bd1 21. Kf2 Qe5 22. Kg1 Qxd4+ 23. Kh2 Qe5+ 24. Kg1 d5 25. Kf2 Qe2+ 26. Kg3 Bd6+
27. Bf4 Bxf4# 0-1

[Event "Junior Online 4NCL Division 4"]
[Site "online"]
[Date "2020.09.03"]
[Round "2.247"]
[White "Bahl, Arkin"]
[Black "Bedretdinov, Rasul"]
[Result "0-1"]
[WhiteElo "1022"]
[BlackElo "917"]
[PlyCount "66"]
[EventDate "2020.09.03"]
[WhiteTeam "The Hall 3"]
[BlackTeam "Tetherdown Bishops"]

1. e4 e5 2. Nf3 Nc6 3. Bc4 Bc5 4. d3 h6 5. Nc3 Nf6 6. O-O d6 7. h3 O-O 8. Nh2
a6 9. Bb3 Na5 10. Na4 Nxb3 11. cxb3 Ba7 12. Be3 Bb6 13. Bxb6 cxb6 14. Qf3 b5
15. Nc3 b4 16. Ne2 d5 17. exd5 Nxd5 18. Ng3 Nf4 19. Qe3 Nxd3 20. Rfd1 Qf6 21.
Rxd3 e4 22. Qxe4 Qxb2 23. Rdd1 Bd7 24. Rdb1 Qc3 25. Ne2 Qc5 26. Rc1 Qg5 27. Nf3
Qb5 28. Ned4 Qb6 29. Rab1 Rfe8 30. Rb2 Rxe4 31. Rbc2 Qg6 32. Rc7 Bxh3 33. Kf1
Qxg2# 0-1

[Event "Junior Online 4NCL Division 4"]
[Site "online"]
[Date "2020.09.03"]
[Round "2.248"]
[White "Thorburn, Rory"]
[Black "Litvin, Theo"]
[Result "1-0"]
[WhiteElo "962"]
[BlackElo "760"]
[PlyCount "95"]
[EventDate "2020.09.03"]
[WhiteTeam "Tetherdown Bishops"]
[BlackTeam "The Hall 3"]

1. e4 e5 2. Nf3 Nc6 3. Nc3 Nf6 4. Bc4 Bc5 5. O-O d6 6. h3 O-O 7. d3 h6 8. Na4
Bb6 9. Nxb6 axb6 10. Bd5 Nb4 11. Bc4 Nh5 12. Nxe5 dxe5 13. Qxh5 Nxc2 14. Rb1
Qf6 15. Qf3 Qxf3 16. gxf3 Bxh3 17. Rd1 Nd4 18. Kh2 Bd7 19. f4 exf4 20. Bxf4 b5
21. Bd5 c6 22. Bb3 Rfe8 23. Be3 Nxb3 24. axb3 Re5 25. Bd4 Rh5+ 26. Kg3 Rh3+ 27.
Kf4 g5+ 28. Ke5 Re8+ 29. Kd6 Re6+ 30. Kxd7 Rf3 31. Ra1 b6 32. Bxb6 Rff6 33.
Ra8+ Kh7 34. Bd8 Rd6+ 35. Ke7 Rde6+ 36. Kd7 Rd6+ 37. Ke7 Rfe6+ 38. Kxf7 Rg6 39.
e5 Rd7+ 40. Ke8 Rgg7 41. e6 Rd6 42. Re1 Kg8 43. Bc7 Rxd3 44. Be5 Rh7 45. Re3
Rd2 46. e7 Rxf2 47. Kd7+ Kf7 48. e8=Q# 1-0

[Event "Junior Online 4NCL Division 4"]
[Site "online"]
[Date "2020.09.03"]
[Round "2.251"]
[White "Carter, Olvier"]
[Black "Patel, Isabella"]
[Result "0-1"]
[WhiteElo "1000"]
[BlackElo "1075"]
[PlyCount "50"]
[EventDate "2020.09.03"]
[WhiteTeam "Surrey Kings 3"]
[BlackTeam "May The Fork Be With You 8"]

1. e4 e5 2. Nf3 Nc6 3. Bc4 Be7 4. d3 h6 5. Be3 Nf6 6. Nc3 O-O 7. O-O d6 8. Nd5
Nxd5 9. exd5 Nb4 10. a3 Na6 11. Bxa6 bxa6 12. d4 exd4 13. Bxd4 Re8 14. Qe2 Bf6
15. Bxf6 gxf6 16. Nd4 Rxe2 17. Nxe2 a5 18. Nf4 Ba6 19. Rfe1 Qb8 20. Re7 Qxb2
21. Rae1 Bb5 22. Rxc7 Qxa3 23. Ne6 fxe6 24. Rxe6 Qc1+ 25. Re1 Qxe1# 0-1

[Event "Junior Online 4NCL Division 4"]
[Site "online"]
[Date "2020.09.03"]
[Round "2.252"]
[White "Paz, Omri"]
[Black "Mallia, Luca"]
[Result "1-0"]
[WhiteElo "1037"]
[BlackElo "1000"]
[PlyCount "67"]
[EventDate "2020.09.03"]
[WhiteTeam "May The Fork Be With You 8"]
[BlackTeam "Surrey Kings 3"]

1. e4 e5 2. Nf3 Nc6 3. Nc3 Bc5 4. Nxe5 Nxe5 5. d4 Bb4 6. dxe5 d6 7. exd6 cxd6
8. Bc4 Nf6 9. O-O Nxe4 10. Nxe4 Bf5 11. Ng3 Bg6 12. c3 Bc5 13. Re1+ Kf8 14. Bf1
a5 15. Be3 Bxe3 16. Rxe3 Qg5 17. Rf3 Re8 18. Bd3 f5 19. Nxf5 Bxf5 20. Bxf5 Re5
21. Qxd6+ Ke8 22. Qxe5+ Kf7 23. Rg3 Qd2 24. Qxg7+ Ke8 25. Qxh8+ Kf7 26. Rg7+
Kf6 27. Qf8+ Ke5 28. Re7+ Kd6 29. Rd7+ Kc6 30. Rxd2 Kb5 31. Rd5+ Kc6 32. Be4
Kb6 33. Qc5+ Ka6 34. Qxa5# 1-0

[Event "Junior Online 4NCL Division 4"]
[Site "online"]
[Date "2020.09.03"]
[Round "2.253"]
[White "Fairrie, Ralph"]
[Black "Patel, Rohan"]
[Result "0-1"]
[WhiteElo "1000"]
[BlackElo "1037"]
[PlyCount "78"]
[EventDate "2020.09.03"]
[WhiteTeam "Surrey Kings 3"]
[BlackTeam "May The Fork Be With You 8"]

1. e4 e5 2. Nf3 Nc6 3. Nc3 Nf6 4. Bb5 d6 5. d3 h6 6. g4 Nxg4 7. h3 Nf6 8. Bg5
Bd7 9. Bxf6 gxf6 10. Nd5 a6 11. Bxc6 Bxc6 12. Nc3 Qd7 13. Qe2 O-O-O 14. O-O-O
Re8 15. b4 h5 16. h4 Bh6+ 17. Nd2 f5 18. Qxh5 fxe4 19. dxe4 Bxd2+ 20. Kxd2 Rxh5
21. Rhg1 Rxh4 22. Rg7 Rh2 23. Rf1 Qh3 24. Rd1 Qh6+ 25. Ke1 Qxg7 26. Rd2 Rh1+
27. Ke2 Qg4+ 28. Kd3 Rh3+ 29. Kc4 d5+ 30. Kb3 dxe4 31. a4 Rd8 32. Rd1 Rxd1 33.
Ka3 Ra1+ 34. Kb2 Re1 35. Kb3 Qf3 36. Ka2 Qxc3 37. f3 Qa1+ 38. Kb3 Rxf3+ 39. Kc4
Qc3# 0-1

[Event "Junior Online 4NCL Division 4"]
[Site "online"]
[Date "2020.09.03"]
[Round "2.254"]
[White "Subramonian, Ananya"]
[Black "Goldhawk, Harrison"]
[Result "0-1"]
[WhiteElo "887"]
[BlackElo "1000"]
[PlyCount "72"]
[EventDate "2020.09.03"]
[WhiteTeam "May The Fork Be With You 8"]
[BlackTeam "Surrey Kings 3"]

1. e4 e5 2. Nf3 d5 3. exd5 Qxd5 4. Nc3 Qd6 5. d3 Qe7 6. Bg5 Qd7 7. d4 f6 8. Bb5
c6 9. Ba4 b5 10. Bb3 Nh6 11. d5 c5 12. a4 c4 13. Ba2 bxa4 14. Bxc4 Ba6 15. Ba2
Bc5 16. b3 Qf5 17. bxa4 Nd7 18. Ne2 Nb6 19. O-O Bd6 20. Ng3 Qg6 21. Bxh6 gxh6
22. Bb1 h5 23. c3 Bxf1 24. Bxg6+ hxg6 25. Qxf1 Bc5 26. Qb5+ Nd7 27. Nh4 g5 28.
Ng6 Rg8 29. Nxe5 fxe5 30. Re1 Rb8 31. Qc6 Rb6 32. Rxe5+ Kd8 33. Qa8+ Rb8 34.
Qxa7 Bxa7 35. Nxh5 Re8 36. Rxg5 Rb1# 0-1